000 00982nam a22002773i 4500
001 BDZ0056060976
003 StDuBDS
005 20241029145045.0
007 cr||||||||||||
008 240913s2024 enk go 000|0 eng d
020 _a9798223025764 :
_c2.49
040 _aStDuBDS
_beng
_erda
_cStDuBDS
100 1 _aNeil J, Milliner,
_eauthor.
245 1 0 _aArtful Investments :
_bEnhancing Your Property Value Through Fine Art /
_cMilliner Neil J.
264 1 _a[Place of publication not identified] :
_bDistributed via Smashwords,
_c2024.
300 _a1 online resource
336 _atext
_2rdacontent
337 _aunmediated
_2rdamedia
338 _avolume
_2rdacarrier
366 _b20240912
_cAvailable
650 _aEBOOK
650 _aART & ANTIQUES
651 _aEBOOK
856 4 0 _uhttps://www.vlebooks.com/product/openreader?id=RICS&accId=9491556&isbn=9798223025764
_zAvailable on VLeBooks (email [email protected] if you do not have a login)
942 _2ddc
999 _c122036
_d122036